000 00545cam a22002171 4500
001 sa 68010906
003 DLC
005 20260227112556.0
008 900122r1964uuuuii 000 0 tamo
010 _asa 68010906
035 _a(OCoLC)20941333
040 _aDLC
_cWaU
_dDLC
042 _apremarc
050 0 0 _aPL4758.9.A33
_bN43
100 0 _aAkilan̲,
_d1922-1988.
245 1 0 _aNen̄cin̲alaikaḷ.
260 _c[1964]
300 _a280 p.
_c19 cm.
500 _aIn Tamil.
500 _aPreviously published serially in Kalaimakaḷ.
999 _c83622
_d83622